| 000 | 01123nam0a22002651 4500 | ||
|---|---|---|---|
| 001 | rc\3402300 | ||
| 005 | 20260407192642.0 | ||
| 021 |
_aRU _bРг5148-69 |
||
| 021 |
_aRU _b69-10576 |
||
| 035 | _a(NLR Aleph) 007547152 | ||
| 090 |
_a5161512 _c5161512 |
||
| 100 | _a20130115d1969 |||y0rusy50 ca | ||
| 101 | 0 | _arus | |
| 102 | _aRU | ||
| 105 | _ay g ||||| | ||
| 200 | 1 |
_aРешения V сессии Верховного Совета СССР - в жизнь _e(Справочный материал в помощь лекторам и докладчикам) _fЛекторская группа Сарат. обкома КПСС. Правл. обл. организации о-ва "Знание" |
|
| 210 |
_aСаратов _cКоммунист _d1969 |
||
| 215 |
_a16 с. _d26 |
||
| 532 | 1 | 1 | _aРешения Пятой сессии Верховного Совета СССР - в жизнь |
| 712 | 0 | 2 |
_aКПСС _bСаратовский областной комитет _3RU\NLR\AUTH\8810126173 _9749716 |
| 801 | 0 |
_aRU _bNLR _gpsbo |
|
| 801 | 1 |
_aRU _bELAR _2rusmarc |
|
| 852 |
_aNLR _j69-7/872 |
||
| 942 | _cBOOK | ||
| 980 | _aNB | ||